Historia de la postal en Chile

Furkejuvvon:
Bibliográfalaš dieđut
Váldodahkkit: León Cáceres, Samuel (Dahkki), Vergara Benítez, Fernando (Dahkki), Padilla Macías, Katya (Dahkki), Bustos-González, Atilio (Dahkki)
Materiálatiipa: Girji
Giella:espánnjágiella
Almmustuhtton: Valparaíso Pontificia Universidad Católica de Valparaíso 2007
Ráidu:Manual Técnico, 1
Fáttát:
Fáddágilkorat: Lasit fáddágilkoriid
Eai fáddágilkorat, Lasit vuosttaš fáddágilkora!

MARC

LEADER 00000nam a2200000 a 4500
001 UCH7855
003 CL-VaPUC
008 091126e20070000CL |||||||||||||||||spa|d
020 |a 9789561704091 
082 0 4 |a 740  |b LEO  |2 21 
100 |a León Cáceres, Samuel  |e author  |9 377 
700 0 |a Vergara Benítez, Fernando  |e author  |9 544231 
700 0 |a Padilla Macías, Katya  |e author  |9 544232 
700 |a Bustos-González, Atilio  |e author  |9 516598 
245 1 0 |a Historia de la postal en Chile 
300 |a 256 p 
942 |c BK 
945 |d 20091126 00:00:00  |a cmena 
260 |a Valparaíso  |b Pontificia Universidad Católica de Valparaíso  |c 2007 
650 0 |a Tarjetas postales  |9 329679 
650 0 |a Historia del arte  |9 314877 
650 0 |a Patrimonio cultural  |9 309364 
650 0 |a Historia de Chile   |9 322385 
651 7 |a CHILE  |2 CL-VaPUC  |9 544234 
583 |a last modification  |c 20130402 05:30:53  |k Rodrigo Vera 
490 0 |a Manual Técnico, 1 
999 |c 338201  |d 338199 
952 |0 0  |1 0  |4 0  |6 740_000000000000000_LEO_2007  |7 0  |8 A  |9 431076  |a BIBCUR  |b BIBCUR  |d 2019-11-22  |i 455499K  |o 740 LEO 2007  |p 455499K  |r 2025-04-22  |w 2019-11-22  |y BK  |k CAC 
952 |0 0  |1 0  |4 0  |6 740_000000000000000_LEO_2007  |7 0  |8 A  |9 431077  |a BIBCUR  |b BIBCUR  |d 2019-11-22  |i 4555007  |o 740 LEO 2007  |p 4555007  |r 2025-04-22  |w 2019-11-22  |y BK  |k CAC 
952 |0 0  |1 0  |4 0  |6 740_000000000000000_LEO_2007  |7 0  |8 A  |9 431078  |a BIBCUR  |b BIBCUR  |d 2019-11-22  |i 4414594  |o 740 LEO 2007  |p 4414594  |r 2025-04-22  |w 2019-11-22  |y BK  |k BCB